[Event "ch N1B"]
[Site "Lutèce Echecs"]
[Date "10.12.06"]
[Round "4.1"]
[White "Pira, Davoud"]
[Black "Forthofer, Robert"]
[Result "1-0"]
[WhiteElo "2398"]
[BlackElo "2250"]
[PlyCount "83"]
[EventDate "10.12.06"]
[WhiteTeam "Lutèce Echecs"]
[BlackTeam "Reims Echecs Mat"]

1. c4 e6 2. Nf3 f5 3. g3 Nf6 4. Bg2 d6 5. Nc3 Be7 6. O-O O-O 7. d4 Ne4 8. Qc2
Nxc3 9. bxc3 Nc6 10. e4 e5 11. Re1 Qe8 12. c5 Qh5 13. cxd6 cxd6 14. exf5 Rxf5
15. d5 Na5 16. Nd4 Rf6 17. Ne6 Bxe6 18. dxe6 Raf8 19. Be3 Nc4 20. Bxa7 b6 21.
Qe2 Qxe2 22. Rxe2 Rc8 23. Rb1 Rc5 24. Bxb6 Nxb6 25. Rxb6 Rxe6 26. c4 Rf6 27.
Bd5+ Kh8 28. Rb8+ Rf8 29. Rxf8+ Bxf8 30. Rb2 g6 31. Rb8 Kg7 32. Rb7+ Kh6 33. h4
Ra5 34. g4 g5 35. Rf7 Bg7 36. hxg5+ Kg6 37. Rd7 Bf8 38. Rf7 Bg7 39. Rf5 Bh8 40.
Be4 Rxa2 41. Rf8+ Kg7 42. Rd8 1-0

[Event "ch N1B"]
[Site "Lutèce Echecs"]
[Date "10.12.06"]
[Round "4.2"]
[White "Minet, Steve"]
[Black "San Emeterio Cabanes, Jose L"]
[Result "1/2-1/2"]
[WhiteElo "2180"]
[BlackElo "2394"]
[PlyCount "136"]
[EventDate "10.12.06"]
[WhiteTeam "Reims Echecs Mat"]
[BlackTeam "Paris Chess Club II"]

1. e4 c5 2. Nf3 Nc6 3. d4 cxd4 4. Nxd4 Nf6 5. Nc3 e5 6. Ndb5 d6 7. Bg5 a6 8.
Na3 b5 9. Nd5 Be7 10. Bxf6 Bxf6 11. c3 Rb8 12. Nc2 Bg5 13. Nce3 O-O 14. h4 Bxe3
15. Nxe3 Be6 16. g3 b4 17. Bxa6 bxc3 18. bxc3 Qa5 19. Qd3 Rb3 20. axb3 Qxa1+
21. Nd1 Bxb3 22. O-O Be6 23. Bb7 Na5 24. Ne3 Qa3 25. Bd5 Qc5 26. Rb1 Rc8 27.
Rb5 Qc7 28. Bxe6 fxe6 29. Nd5 exd5 30. Qxd5+ Qf7 31. Rxa5 Qxd5 32. Rxd5 Rxc3
33. Rxd6 Rc4 34. f3 Kf7 35. Kf2 h5 36. Ke3 Rc3+ 37. Rd3 Rc2 38. f4 exf4+ 39.
Kxf4 Rc6 40. Rd5 g6 41. Rd7+ Ke6 42. Rg7 Kf6 43. Ra7 Rb6 44. e5+ Ke6 45. Ra4
Rb3 46. Rd4 Ra3 47. g4 hxg4 48. Rd6+ Kf7 49. Rf6+ Kg7 50. Kg5 g3 51. Rxg6+ Kf7
52. h5 g2 53. Kf5 Rf3+ 54. Ke4 Rh3 55. Rxg2 Rxh5 56. Kd5 Rh6 57. Ra2 Ke8 58.
Ra8+ Ke7 59. Ra7+ Ke8 60. Rc7 Ra6 61. Rg7 Rh6 62. Ke4 Ra6 63. Kf4 Rh6 64. Kf5
Ra6 65. Rg4 Rb6 $11 66. e6 Rb2 67. Rg8+ Ke7 68. Rg7+ Ke8 1/2-1/2

[Event "ch N1B"]
[Site "Lutèce Echecs"]
[Date "10.12.06"]
[Round "4.3"]
[White "Babault, Patrice"]
[Black "Camus, Berenger"]
[Result "1-0"]
[WhiteElo "2304"]
[BlackElo "2166"]
[PlyCount "129"]
[EventDate "10.12.06"]
[WhiteTeam "Lutèce Echecs"]
[BlackTeam "Reims Echecs Mat"]

1. e4 c5 2. Nf3 Nc6 3. d4 cxd4 4. Nxd4 e5 5. Nb5 a6 6. Nd6+ Bxd6 7. Qxd6 Qf6 8.
Qd1 Nge7 9. Nc3 O-O 10. Be3 d6 11. Qd2 b5 12. O-O-O Rd8 13. h4 h6 14. Be2 Qg6
15. Nd5 Nxd5 16. exd5 Ne7 17. g4 Bb7 18. h5 Qe4 19. g5 Qxd5 20. Qa5 Nc6 21. Qa3
b4 22. Qa4 Nd4 23. Bxd4 exd4 24. Rhg1 Re8 25. Bf1 Qe6 26. Qxb4 Bf3 27. Bc4 d5
28. Rde1 Qf5 29. Rxe8+ Rxe8 30. Bxa6 Qf4+ 31. Qd2 hxg5 32. Qxf4 gxf4 33. b4 f6
34. b5 Bxh5 35. Bb7 Rb8 36. Bc6 Be8 37. Bxe8 Rxe8 38. Kb2 Kf7 39. a4 Ra8 40.
Kb3 g5 41. Kb4 Ke6 42. b6 Rc8 43. Kb5 Rxc2 44. b7 d3 45. Ka6 Rb2 46. a5 Ke5 47.
Ka7 Ke4 48. b8=Q Rxb8 49. Kxb8 Kf3 50. a6 Kxf2 51. Rb1 d2 52. a7 Ke2 53. a8=Q
d1=Q 54. Rxd1 Kxd1 55. Qxd5+ Ke2 56. Qe6+ Kf3 57. Qxf6 g4 58. Qc3+ Kg2 59. Qd2+
Kg3 60. Qe1+ Kg2 61. Qe2+ Kg3 62. Qf1 f3 63. Kc7 f2 64. Kd6 Kf3 65. Ke5 1-0

[Event "ch N1B"]
[Site "Lutèce Echecs"]
[Date "10.12.06"]
[Round "4.4"]
[White "Laval, Brice"]
[Black "Garbarino, Xavier"]
[Result "0-1"]
[WhiteElo "2175"]
[BlackElo "2225"]
[PlyCount "70"]
[EventDate "10.12.06"]
[WhiteTeam "Reims Echecs Mat"]
[BlackTeam "Lutèce Echecs"]

1. e4 Nc6 2. Nc3 e6 3. d4 Bb4 4. Nge2 d6 5. a3 Ba5 6. b4 Bb6 7. Be3 Nf6 8. Ng3
e5 9. Bb5 O-O 10. Bxc6 bxc6 11. O-O Ng4 12. h3 Nxe3 13. fxe3 Qg5 14. Rf3 exd4
15. exd4 a5 16. Nce2 axb4 17. axb4 Rxa1 18. Qxa1 Be6 19. Qc3 Qb5 20. Kh2 Qc4
21. Qd2 Ra8 22. Nh5 Kh8 23. Rg3 Rg8 24. c3 f6 25. Qe3 Bf7 26. Qf3 Qe6 27. Nhf4
Qe7 28. Nd3 c5 29. bxc5 dxc5 30. d5 c6 31. dxc6 Bc7 32. Nef4 c4 33. Nb4 Qc5 34.
Nbd5 Be5 35. Qg4 g5 0-1

[Event "ch N1B"]
[Site "Lutèce Echecs"]
[Date "10.12.06"]
[Round "4.5"]
[White "Lamorelle, Julien"]
[Black "Oudot, Jean-Baptiste"]
[Result "1-0"]
[WhiteElo "2180"]
[BlackElo "2111"]
[PlyCount "69"]
[EventDate "10.12.06"]
[WhiteTeam "Lutèce Echecs"]
[BlackTeam "Reims Echecs Mat"]

1. e4 c5 2. Nf3 Nc6 3. d4 cxd4 4. Nxd4 Nf6 5. Nc3 e5 6. Ndb5 d6 7. Bg5 a6 8.
Bxf6 gxf6 9. Na3 b5 10. Nd5 f5 11. Bd3 Be6 12. O-O Bxd5 13. exd5 Ne7 14. f3 Bg7
15. c3 Qc8 16. Kh1 Rb8 17. Qd2 f4 18. Rfd1 O-O 19. Nc2 f5 20. a4 Ng6 21. axb5
axb5 22. Nb4 Rb7 23. Ra6 Rf6 24. Rda1 Bf8 25. Nc6 Nh4 26. Nxe5 Rg7 27. Nc6 Qe8
28. Nd4 Qh5 29. Rg1 Rh6 30. Ra8 Ng6 31. h3 Rf7 32. Bxb5 Qg5 33. Be8 Rg7 34. Ne6
Qg3 35. Bxg6 1-0

[Event "ch N1B"]
[Site "Lutèce Echecs"]
[Date "10.12.06"]
[Round "4.6"]
[White "Desanlis, Anne-Sophie"]
[Black "Derieux, Christian"]
[Result "0-1"]
[WhiteElo "1912"]
[BlackElo "2144"]
[PlyCount "68"]
[EventDate "10.12.06"]
[WhiteTeam "Reims Echecs Mat"]
[BlackTeam "Lutèce Echecs"]

1. c4 Nf6 2. g3 c5 3. Bg2 d5 4. cxd5 Nxd5 5. Nc3 Nc7 6. Nf3 Nc6 7. O-O e5 8. d3
Be7 9. Bd2 O-O 10. Rc1 f6 11. Ne4 Ne6 12. Be3 Ncd4 13. Nfd2 Rb8 14. Nc3 b6 15.
Nd5 Bb7 16. Bxd4 Bxd5 17. Bxd5 Qxd5 18. Bc3 Kh8 19. Qb3 Qd7 20. a4 Nd4 21. Bxd4
exd4 22. Nc4 Rbe8 23. Qb5 Qd5 24. a5 Bd8 25. Rfe1 Re6 26. axb6 axb6 27. b4 f5
28. bxc5 f4 29. Rb1 Rf5 30. Qb3 Rh5 31. Nxb6 Qf5 32. e4 Qh3 33. Nd5 Qxh2+ 34.
Kf1 f3 0-1

[Event "ch N1B"]
[Site "Lutèce Echecs"]
[Date "10.12.06"]
[Round "4.7"]
[White "Wunderman, Xavier"]
[Black "Gozillon, Matthieu"]
[Result "1-0"]
[WhiteElo "2060"]
[BlackElo "1905"]
[PlyCount "51"]
[EventDate "10.12.06"]
[WhiteTeam "Lutèce Echecs"]
[BlackTeam "Reims Echecs Mat"]

1. e4 e5 2. f4 exf4 3. Bc4 d6 4. d4 Nf6 5. Nc3 Nc6 6. Nf3 Bg4 7. Bxf4 Be7 8.
O-O O-O 9. Qd3 Nh5 10. Be3 Na5 11. Bb5 a6 12. Ba4 b5 13. Bb3 Nxb3 14. axb3 c6
15. h3 Bd7 16. Ne2 g6 17. c4 Re8 18. Bd2 Ng7 19. cxb5 axb5 20. Qe3 Be6 21. Qh6
f6 22. d5 cxd5 23. Rxa8 Qxa8 24. Bc3 Kh8 25. Ng5 Bg8 26. Nf4 1-0

[Event " "]
[Site "Lyon Olympique Echecs"]
[Date "20.??.??"]
[Round "5.1"]
[White "Guidarelli, Laurent"]
[Black "Sikula, Vaszilij"]
[Result "1/2-1/2"]
[WhiteElo "2450"]
[BlackElo "2515"]
[PlyCount "29"]
[EventDate "20.??.??"]
[WhiteTeam "Cannes II"]
[BlackTeam "Epinal"]

1. d4 f5 2. g3 Nf6 3. Bg2 e6 4. c4 Be7 5. Nc3 d5 6. Nf3 O-O 7. O-O c6 8. b3 b6
9. Bb2 Bb7 10. Qc1 Ne4 11. Ne5 Nd7 12. Nxd7 Qxd7 13. Nxe4 dxe4 14. Qc2 c5 15.
Rad1 $11 1/2-1/2

[Event " "]
[Site "Lyon Olympique Echecs"]
[Date "20.??.??"]
[Round "5.2"]
[White "Okhotnik, Vladimir"]
[Black "Anic, Darko"]
[Result "1-0"]
[WhiteElo "2486"]
[BlackElo "2456"]
[PlyCount "69"]
[EventDate "20.??.??"]
[WhiteTeam "Epinal"]

1. e4 e5 2. Nf3 Nc6 3. d4 exd4 4. Nxd4 Bc5 5. Nxc6 Qf6 6. Qf3 Qxf3 7. gxf3 bxc6
8. Be3 Bxe3 9. fxe3 Rb8 10. b3 Ne7 11. Nc3 d6 12. Rg1 O-O 13. Bc4 Kh8 14. f4 f5
15. e5 dxe5 16. O-O-O Ng6 17. Rdf1 Rb4 18. Na4 Rxc4 19. bxc4 Be6 20. Nb2 Kg8
21. Kd2 Nh4 22. Rf2 e4 23. Kc3 Kf7 24. Na4 Ke7 25. Rb1 Bc8 26. Rb8 Nf3 27. Rg2
Kf6 28. Nc5 Re8 29. Ra8 h6 30. Rxa7 Re7 31. Ra8 Re8 32. a4 g5 33. fxg5+ hxg5
34. a5 Ke7 35. a6 1-0

[Event " "]
[Site "Lyon Olympique Echecs"]
[Date "20.??.??"]
[Round "5.3"]
[White "Sanchez, Joseph"]
[Black "Bakalarz, Mieczyslaw"]
[Result "1-0"]
[WhiteElo "2482"]
[BlackElo "2378"]
[PlyCount "117"]
[EventDate "20.??.??"]
[WhiteTeam "Cannes II"]
[BlackTeam "Epinal"]

1. e4 e5 2. Nf3 Nf6 3. Nxe5 d6 4. Nf3 Nxe4 5. d4 d5 6. Bd3 Nc6 7. O-O Bg4 8.
Re1 Be7 9. c3 f5 10. Qb3 O-O 11. Nbd2 Na5 12. Qa4 Nc6 13. Qb3 Na5 14. Qc2 Nc6
15. b4 a6 16. a4 Bd6 17. Rb1 Nxd2 18. Nxd2 Qh4 19. g3 Qh5 20. f4 Rae8 21. Rxe8
Rxe8 22. Nf1 Be2 23. Ne3 Bxd3 24. Qxd3 Qf3 25. Bd2 g6 26. Rf1 Qe4 27. Qxe4 dxe4
28. d5 Ne7 29. c4 c5 30. Rb1 b6 31. Kf2 Rb8 32. Bc3 b5 33. bxc5 Bxc5 34. Be5
Rc8 35. axb5 axb5 36. Rxb5 Bxe3+ 37. Kxe3 Rxc4 38. d6 Nc6 39. Rb7 Ra4 40. Rg7+
Kf8 41. Rxh7 Ra3+ 42. Ke2 Ra2+ 43. Ke1 e3 44. d7 Rd2 45. Bf6 Kg8 46. d8=Q+ Nxd8
47. Rh8+ Kf7 48. Bxd8 Rb2 49. Ba5 Ke6 50. Rd8 Rxh2 51. Re8+ Kd5 52. Rxe3 Ra2
53. Bd2 Ra6 54. Ke2 Kd4 55. Rd3+ Ke4 56. Be3 Ra2+ 57. Rd2 Ra4 58. Rd6 Ra2+ 59.
Bd2 1-0

[Event " "]
[Site "Lyon Olympique Echecs"]
[Date "20.??.??"]
[Round "5.4"]
[White "Adrian, Claude"]
[Black "Delabaca, Romuald"]
[Result "1-0"]
[WhiteElo "2297"]
[BlackElo "2160"]
[PlyCount "93"]
[EventDate "20.??.??"]
[WhiteTeam "Epinal"]

1. c4 c5 2. Nf3 g6 3. d4 cxd4 4. Nxd4 Bg7 5. e4 Nc6 6. Nc2 d6 7. Be2 Nf6 8. Nc3
Nd7 9. O-O O-O 10. Qe1 a5 11. Be3 Nc5 12. f3 f5 13. Rd1 b6 14. exf5 Bxf5 15.
Nd4 Bd7 16. f4 Rc8 17. Bf3 Kh8 18. Qh4 Nxd4 19. Bxd4 e5 20. Qxd8 Rfxd8 21. fxe5
Bxe5 22. Bxe5+ dxe5 23. Rfe1 Bf5 24. Rxe5 Nd3 25. Rb5 Rxc4 26. Rxb6 Rdc8 27.
Nd5 Rc1 28. Ne3 Rxd1+ 29. Bxd1 Rc1 30. Kf1 Nb4 31. Kf2 Nxa2 32. g4 Be4 33. Re6
Bd3 34. g5 Rc8 35. Re7 Nb4 36. Ng4 Nd5 37. Rd7 Rf8+ 38. Ke1 Be4 39. h3 Rf5 40.
Nh6 Rf8 41. Bb3 Nb6 42. Nf7+ Kg7 43. Re7 Bd5 44. Ne5+ Kg8 45. Nd7 Bxb3 46. Nxf8
Kxf8 47. Rb7 1-0

[Event " "]
[Site "Lyon Olympique Echecs"]
[Date "20.??.??"]
[Round "5.5"]
[White "Vuillermoz, Robert"]
[Black "Cordier, Arnaud"]
[Result "1/2-1/2"]
[WhiteElo "2124"]
[BlackElo "2151"]
[PlyCount "52"]
[EventDate "20.??.??"]
[WhiteTeam "Cannes II"]
[BlackTeam "Epinal"]

1. e4 c5 2. Nc3 Nc6 3. g3 g6 4. Bg2 Bg7 5. d3 e6 6. Be3 d6 7. Qd2 Nd4 8. Nf3
Ne7 9. O-O O-O 10. Nd1 f5 11. Ne1 e5 12. c3 f4 13. cxd4 fxe3 14. Nxe3 cxd4 15.
Nd5 Nxd5 16. exd5 Bf5 17. Nf3 Qb6 18. Nh4 Bd7 19. Be4 Rf7 20. Nf3 Bh3 21. Ng5
Bh6 22. Rfc1 Bxg5 23. Qxg5 Qxb2 24. Rab1 Qd2 25. Rd1 Qxa2 26. Ra1 Qb2 {
suite illisible} 1/2-1/2

[Event " "]
[Site "Lyon Olympique Echecs"]
[Date "20.??.??"]
[Round "5.6"]
[White "Spielmann, Alain"]
[Black "Kerbrat, Julien"]
[Result "1/2-1/2"]
[WhiteElo "2228"]
[BlackElo "2172"]
[PlyCount "98"]
[EventDate "20.??.??"]
[WhiteTeam "Epinal"]

1. Nf3 Nf6 2. c4 c6 3. d4 d5 4. e3 e6 5. Bd3 Nbd7 6. Nbd2 Bd6 7. O-O O-O 8. e4
dxe4 9. Nxe4 Nxe4 10. Bxe4 h6 11. Bc2 Re8 12. Qd3 Nf6 13. Rd1 b6 14. Ne5 Qc7
15. Qe2 c5 16. Ng4 Nxg4 17. Qxg4 cxd4 18. Bxh6 Bxh2+ 19. Kh1 Be5 20. Bg5 f5 21.
Qh4 g6 22. f4 Bh8 23. Bf6 Qh7 24. Qxh7+ Kxh7 25. Bxh8 Rxh8 26. Rxd4 Kg7+ 27.
Kg1 Kf6 28. Rad1 g5 29. fxg5+ Kxg5 30. Rd8 Ba6 31. Rxa8 Rxa8 32. b3 Kf6 33. Rd7
Bc8 34. Rd8 Ke7 35. Rh8 Kd6 36. Kf2 Bb7 37. Rh7 Bc6 38. Rg7 a5 39. Bd1 b5 40.
cxb5 Bxb5 41. Bf3 Rc8 42. Rb7 Rc2+ 43. Ke3 Bf1 44. g4 Ke5 45. gxf5 exf5 46.
Re7+ Kf6 47. Rh7 Ke5 48. Re7+ Kf6 49. Rb7 Ke5 1/2-1/2

[Event " "]
[Site "Lyon Olympique Echecs"]
[Date "20.??.??"]
[Round "5.7"]
[White "Canneva, Florian"]
[Black "Grenouilloux, Alain"]
[Result "1-0"]
[WhiteElo "2087"]
[BlackElo "2090"]
[PlyCount "51"]
[EventDate "20.??.??"]
[WhiteTeam "Cannes II"]
[BlackTeam "Epinal"]

1. e4 d6 2. d4 Nf6 3. Nc3 g6 4. Be3 c6 5. h3 Nbd7 6. f4 Qc7 7. Nf3 Bg7 8. Bd3
a6 9. O-O b5 10. a3 Bb7 11. e5 Nd5 12. Nxd5 cxd5 13. Ng5 e6 14. f5 gxf5 15.
Nxe6 fxe6 16. Qh5+ Kd8 17. Qg5+ Nf6 18. exf6 Bf8 19. Rae1 Qf7 20. Bd2 Kd7 21.
Rxe6 Rg8 22. Qe3 Kc6 23. Ba5 f4 24. Qe1 Rg5 25. Rxf4 Kd7 26. Re3 1-0

[Event " "]
[Site "Lyon Olympique Echecs"]
[Date "20.??.??"]
[Round "5.8"]
[White "Baujard, Anne"]
[Black "Verot, Melanie"]
[Result "0-1"]
[WhiteElo "1932"]
[BlackElo "2092"]
[PlyCount "34"]
[EventDate "20.??.??"]
[WhiteTeam "Epinal"]

1. Nf3 d5 2. g3 g6 3. Bg2 Bg7 4. c4 Nf6 5. cxd5 Nxd5 6. d4 Nc6 7. e4 Nb6 8. d5
Nb8 9. O-O O-O 10. Qc2 c6 11. dxc6 Nxc6 12. Rd1 Bd7 13. Nc3 Qc8 14. Nb5 a6 15.
Nbd4 Nxd4 16. Qxc8 Nxf3+ 17. Bxf3 Bxc8 0-1

[Event " "]
[Site "Lyon Olympique Echecs"]
[Date "20.??.??"]
[Round "5.1"]
[White "Howell, David Wl"]
[Black "Chernuschevich, Alexei"]
[Result "0-1"]
[WhiteElo "2501"]
[BlackElo "2515"]
[PlyCount "84"]
[EventDate "20.??.??"]
[WhiteTeam "Marseille Duchamps"]
[BlackTeam "Besançon T.P.G."]

1. e4 c5 2. c3 e6 3. d4 d5 4. exd5 exd5 5. Be3 c4 6. b3 cxb3 7. axb3 Nc6 8. Nd2
Bd6 9. Qf3 Nge7 10. Bd3 O-O 11. Ne2 f5 12. Bf4 Bxf4 13. Nxf4 g5 14. Qg3 Ng6 15.
Nxg6 hxg6 16. f4 g4 17. Kf2 Qf6 18. Rae1 Bd7 19. Nf1 Rac8 20. h3 Ne7 21. Bb1
Kg7 22. Nh2 Nc6 23. Rhf1 Nxd4 24. cxd4 Qxd4+ 25. Qe3 g3+ 26. Kxg3 Rc3 27. Rf3
Rxe3 28. Rfxe3 Re8 29. Rxe8 Bxe8 30. Rxe8 Qd1 31. Nf3 Qxb1 32. Re7+ Kg8 33.
Rxb7 Qa1 34. Rd7 Qd1 35. Rxa7 Qxb3 36. Rd7 Kf8 37. Kh4 Qa4 38. Rxd5 Qxf4+ 39.
g4 Qxf3 40. Rd6 f4 41. Rf6+ Kg7 42. Rxf4 Qe3 0-1

[Event " "]
[Site "Lyon Olympique Echecs"]
[Date "20.??.??"]
[Round "5.2"]
[White "Miezis, Normunds"]
[Black "Savchenko, Stanislav"]
[Result "0-1"]
[WhiteElo "2517"]
[BlackElo "2525"]
[PlyCount "56"]
[EventDate "20.??.??"]
[WhiteTeam "Besançon T.P.G."]

1. c4 e5 2. Nc3 Nc6 3. g3 Bc5 4. Bg2 d6 5. e3 a6 6. Nge2 Nge7 7. a3 Ba7 8. b4
O-O 9. d3 Be6 10. Nd5 Qd7 11. h3 Rae8 12. Bb2 Nd8 13. d4 f6 14. Rc1 Nf5 15.
dxe5 fxe5 16. Qd3 Qf7 17. O-O c6 18. e4 cxd5 19. cxd5 Nxg3 20. Qxg3 Bd7 21. Rc3
Qh5 22. Rf3 Rxf3 23. Bxf3 Qxh3 24. Qxh3 Bxh3 25. Rc1 Nf7 26. Kh2 Ng5 27. Kg3
Bd7 28. Ng1 {suite illisible} Bd4 0-1

[Event " "]
[Site "Lyon Olympique Echecs"]
[Date "20.??.??"]
[Round "5.3"]
[White "Renet, Olivier"]
[Black "Crut, Aurelien"]
[Result "1/2-1/2"]
[WhiteElo "2517"]
[BlackElo "2369"]
[PlyCount "81"]
[EventDate "20.??.??"]
[WhiteTeam "Marseille Duchamps"]
[BlackTeam "Besançon T.P.G."]

1. e4 e6 2. d4 d5 3. Nc3 Bb4 4. e5 c5 5. a3 Bxc3+ 6. bxc3 Ne7 7. a4 Nbc6 8. Nf3
Qa5 9. Qd2 cxd4 10. cxd4 Qxd2+ 11. Bxd2 Nf5 12. Bc3 Bd7 13. Bd3 Rc8 14. Kd2 O-O
15. a5 Rc7 16. Rhb1 Nfe7 17. Bb2 f6 18. Ba3 Be8 19. exf6 Rxf6 20. Bd6 Rd7 21.
Bc5 a6 22. Rb6 Bh5 23. Ne5 Rxf2+ 24. Ke3 Nxe5 25. Kxf2 Nxd3+ 26. cxd3 Nc6 27.
Ke3 h6 28. Rb2 Bg6 29. Rf2 e5 30. dxe5 Nxe5 31. Rf8+ Kh7 32. d4 Nc6 33. g4 Be4
34. h4 Bg6 35. Ra2 h5 36. Kf4 Nd8 37. Re2 Be4 38. Kg3 hxg4 39. Re8 Nc6 40. Bb6
Rd6 41. Kxg4 $11 1/2-1/2

[Event " "]
[Site "Lyon Olympique Echecs"]
[Date "20.??.??"]
[Round "5.4"]
[White "Sermier, Guillaume"]
[Black "Grabarczyk, Bogdan"]
[Result "1/2-1/2"]
[WhiteElo "2366"]
[BlackElo "2441"]
[PlyCount "78"]
[EventDate "20.??.??"]
[WhiteTeam "Besançon T.P.G."]

1. e4 Nf6 2. e5 Nd5 3. d4 d6 4. c4 Nb6 5. exd6 exd6 6. Nc3 Nc6 7. Be2 Be7 8.
Nf3 Bg4 9. b3 Bf6 10. Be3 d5 11. c5 Nc8 12. h3 Be6 13. b4 a6 14. b5 axb5 15.
Nxb5 O-O 16. Bf4 Bf5 17. O-O Be4 18. Bxc7 Qd7 19. Bh2 b6 20. cxb6 Nxb6 21. Ne5
Bxe5 22. dxe5 d4 23. Nd6 Bd5 24. Bb5 Ra3 25. Bxc6 Qxc6 26. Nf5 Qd7 27. Qg4 g6
28. Nxd4 Qxg4 29. hxg4 Rxa2 30. Rxa2 Bxa2 31. Ra1 Bc4 32. Bf4 Kg7 33. Nc2 Nd5
34. Bd2 Rb8 35. Ne3 Nxe3 36. Bxe3 Rb5 37. Re1 Bd3 38. Bg5 Rb1 39. Rxb1 Bxb1
1/2-1/2

[Event " "]
[Site "Lyon Olympique Echecs"]
[Date "20.??.??"]
[Round "5.5"]
[White "Kosten, Anthony C"]
[Black "Naudier, Serge"]
[Result "1-0"]
[WhiteElo "2534"]
[BlackElo "2268"]
[PlyCount "85"]
[EventDate "20.??.??"]
[WhiteTeam "Marseille Duchamps"]
[BlackTeam "Besançon T.P.G."]

1. c4 Nf6 2. Nc3 d5 3. cxd5 Nxd5 4. g3 g6 5. Bg2 Nxc3 6. bxc3 Bg7 7. Rb1 Nd7 8.
Nf3 O-O 9. O-O c5 10. c4 Nb8 11. Ng5 Qc7 12. Ne4 Bd7 13. Rxb7 Qa5 14. d3 Bc6
15. Bd2 Qd8 16. Rb1 Qc7 17. Bf4 e5 18. Be3 f5 19. Nc3 Bxg2 20. Kxg2 f4 21. Nd5
Qd6 22. Bd2 Nd7 23. Ba5 Nf6 24. Nxf6+ Bxf6 25. f3 Bd8 26. Bxd8 Rfxd8 27. Qa4 h5
28. Rb7 Rab8 29. Qxa7 Rxb7 30. Qxb7 Rb8 31. Qe4 fxg3 32. hxg3 Kg7 33. a4 Re8
34. Rb1 Re7 35. a5 Qd4 36. a6 Qxe4 37. dxe4 Re6 38. Ra1 Re8 39. a7 Ra8 40. e3
Kf7 41. f4 Ke7 42. Ra6 Kf7 43. Kh3 1-0

[Event " "]
[Site "Lyon Olympique Echecs"]
[Date "20.??.??"]
[Round "5.6"]
[White "Vesin, Jean-Robert"]
[Black "Boudre, Jean-Pierre"]
[Result "0-1"]
[WhiteElo "2315"]
[BlackElo "2324"]
[PlyCount "70"]
[EventDate "20.??.??"]
[WhiteTeam "Besançon T.P.G."]

1. e4 e5 2. Nf3 Nc6 3. Bc4 Nf6 4. d3 Be7 5. c3 O-O 6. O-O d6 7. Nbd2 Na5 8. Bb5
a6 9. Ba4 c5 10. Re1 b5 11. Bc2 Re8 12. Nf1 Nc6 13. Ne3 Bf8 14. d4 cxd4 15.
cxd4 exd4 16. Nxd4 Nxd4 17. Qxd4 Bb7 18. Nf5 Rc8 19. Bd3 Bxe4 20. Bxe4 Rc4 21.
Qd3 Rcxe4 22. Rxe4 Nxe4 23. Be3 Qd7 24. Nd4 g6 25. b4 d5 26. a4 bxa4 27. Qxa6
Bxb4 28. Qxa4 Qxa4 29. Rxa4 Bd2 30. Bxd2 Nxd2 31. f3 Nc4 32. Rb4 Re1+ 33. Kf2
Rd1 34. Nb5 Rd2+ 35. Kg3 Ne3 0-1

[Event " "]
[Site "Lyon Olympique Echecs"]
[Date "20.??.??"]
[Round "5.7"]
[White "Hulin, Jerome"]
[Black "Claverie, Christophe"]
[Result "0-1"]
[WhiteElo "2082"]
[BlackElo "2328"]
[PlyCount "70"]
[EventDate "20.??.??"]
[WhiteTeam "Marseille Duchamps"]
[BlackTeam "Besançon T.P.G."]

1. d4 Nf6 2. c4 g6 3. Nc3 Bg7 4. e4 d6 5. Nf3 O-O 6. Be2 Bg4 7. Be3 Nfd7 8. Ng1
Bxe2 9. Ngxe2 c5 10. O-O Nc6 11. d5 Na5 12. b3 a6 13. Rb1 Rb8 14. a4 Nf6 15.
Qd3 b6 16. h3 Qc7 17. Bf4 Rbd8 18. Qe3 e5 19. dxe6 fxe6 20. e5 dxe5 21. Bxe5
Qe7 22. Rfe1 Nc6 23. Bh2 Nd4 24. Qg5 Qf7 25. Nf4 Rde8 26. Nd3 Nd7 27. Bd6 Nf5
28. Ne4 Nxd6 29. Nxd6 Qe7 30. Qxe7 Rxe7 31. Re2 Rd8 32. Nf4 Be5 33. Nb7 Rb8 34.
Rxe5 Nxe5 35. Re1 Nf7 0-1

[Event " "]
[Site "Lyon Olympique Echecs"]
[Date "20.??.??"]
[Round "5.8"]
[White "Hisleur, Gaelle"]
[Black "Fernandez, Laura"]
[Result "0-1"]
[WhiteElo "1939"]
[BlackElo "2044"]
[PlyCount "52"]
[EventDate "20.??.??"]
[WhiteTeam "Besançon T.P.G."]

1. e4 d5 2. exd5 Qxd5 3. Nc3 Qd6 4. d4 Nf6 5. Nf3 a6 6. Be2 Nbd7 7. h3 e6 8.
Be3 b5 9. a3 Bb7 10. O-O Be7 11. Re1 O-O 12. Nd2 c5 13. dxc5 Nxc5 14. Bf3 Qc7
15. Bxb7 Nxb7 16. Qf3 b4 17. axb4 Bxb4 18. Nce4 Nd5 19. c3 Be7 20. Bg5 f5 21.
Bxe7 fxe4 22. Qxe4 Qxe7 23. Qxd5 Rad8 24. Qc4 Rxd2 25. Rxa6 Qf7 26. f3 Rxg2+
0-1

[Event " "]
[Site "Lyon Olympique Echecs"]
[Date "20.??.??"]
[Round "5.1"]
[White "Williams, Simon"]
[Black "Karim, Ismael"]
[Result "1-0"]
[WhiteElo "2483"]
[BlackElo "2324"]
[PlyCount "77"]
[EventDate "20.??.??"]
[WhiteTeam "Avignon"]
[BlackTeam "Paris Chess Club II"]

1. d4 d5 2. c4 c6 3. Nc3 Nf6 4. Nf3 e6 5. Bg5 Nbd7 6. Qc2 h6 7. Bh4 dxc4 8. e4
g5 9. Bg3 b5 10. O-O-O b4 11. Na4 c3 12. Bc4 Qa5 13. d5 Nc5 14. Nxc5 Qxc5 15.
Qe2 Bg7 16. Be5 exd5 17. exd5 O-O 18. Bd4 cxb2+ 19. Kxb2 Nxd5 20. Bxd5 Bxd4+
21. Nxd4 Qxd5 22. h4 g4 23. Qe3 $11 Be6 24. Nb3 Qh5 25. Nc5 Rfe8 26. Ne4 Qe5+
27. Qd4 Qxd4+ 28. Rxd4 Kg7 29. Rxb4 Bd5 30. Nc3 h5 31. Rg1 Re5 32. Kc2 Be6 33.
Rd1 c5 34. Rb7 a5 35. a4 Bf5+ 36. Kb3 Be6+ 37. Kc2 Bf5+ 38. Kb3 Ra6 39. Rd2 1-0

[Event " "]
[Site "Lyon Olympique Echecs"]
[Date "20.??.??"]
[Round "5.2"]
[White "Glicenstein, Asher"]
[Black "Hinks-Edwards, Thom"]
[Result "1/2-1/2"]
[WhiteElo "2271"]
[BlackElo "2363"]
[PlyCount "55"]
[EventDate "20.??.??"]
[WhiteTeam "Paris Chess Club II"]

1. e4 c5 2. Nf3 d6 3. d4 Nf6 4. Nc3 cxd4 5. Nxd4 a6 6. Qf3 g6 7. h3 Bg7 8. Be3
Nc6 9. O-O-O Nxd4 10. Bxd4 Be6 11. Qe3 b5 12. e5 dxe5 13. Bb6 Qb8 14. Rd8+ Qxd8
15. Bxd8 Rxd8 16. a3 O-O 17. Be2 Rd4 18. Rd1 Rfd8 19. Qxe5 Nd5 20. Qxd4 Bxd4
21. Rxd4 Rd7 22. Nxd5 Bxd5 23. Bf3 e6 24. Bxd5 exd5 25. a4 Kf8 26. axb5 axb5
27. Rb4 Rb7 28. Rd4 $11 1/2-1/2

[Event " "]
[Site "Lyon Olympique Echecs"]
[Date "20.??.??"]
[Round "5.3"]
[White "Rahal, Michael"]
[Black "Lecuyer, Christian"]
[Result "1/2-1/2"]
[WhiteElo "2390"]
[BlackElo "2228"]
[PlyCount "100"]
[EventDate "20.??.??"]
[WhiteTeam "Avignon"]
[BlackTeam "Paris Chess Club II"]

1. e4 c5 2. Nf3 e6 3. d4 cxd4 4. Nxd4 a6 5. Bd3 g6 6. O-O Bg7 7. Nf3 Nc6 8. c4
Nf6 9. Nc3 O-O 10. Bg5 h6 11. Bh4 d6 12. Rc1 g5 13. Bg3 Nh5 14. Bb1 Nxg3 15.
hxg3 g4 16. Ne1 Ne5 17. Nd3 Qg5 18. Nf4 h5 19. Nce2 Rd8 20. b4 h4 21. Qb3 Bd7
22. Rfd1 hxg3 23. Qxg3 Ba4 24. Bc2 Bxc2 25. Rxc2 Rac8 26. Rdc1 Bh6 27. a4 Rc7
28. Qb3 Qh4 29. Rc3 Rdc8 30. g3 Qf6 31. Kg2 Ng6 32. Rh1 Bxf4 33. Nxf4 Nxf4+ 34.
gxf4 Qxf4 35. Qc2 a5 36. bxa5 Rc5 37. Re3 Rxc4 38. Qb2 e5 39. Qxb7 Rc2 40. Rf1
R8c3 41. Rxc3 Rxc3 42. Qb6 Rh3 43. Rg1 Rh2+ 44. Kf1 Qc1+ 45. Ke2 Qxg1 46. Qd8+
Kh7 47. Qf6 Qc1 48. Qxf7+ Kh6 49. Qf6+ Kh5 50. Qf7+ Kg5 1/2-1/2

[Event " "]
[Site "Lyon Olympique Echecs"]
[Date "20.??.??"]
[Round "5.4"]
[White "Lopez, Jorge"]
[Black "Pieroni, Guillaume"]
[Result "1/2-1/2"]
[WhiteElo "2271"]
[BlackElo "2191"]
[PlyCount "33"]
[EventDate "20.??.??"]
[WhiteTeam "Paris Chess Club II"]

1. d4 e6 2. Nf3 Nf6 3. e3 b6 4. Nbd2 c5 5. c3 Be7 6. Bd3 Ba6 7. Bxa6 Nxa6 8.
O-O O-O 9. b3 Rc8 10. Bb2 Qc7 11. Qe2 Qb7 12. c4 Rfd8 13. Rfd1 d5 14. Rac1 h6
15. cxd5 Nxd5 16. Nc4 Nab4 17. a3 $11 1/2-1/2